|
|
|
|
| LEADER |
00634nta a2200193 i 4500 |
| 001 |
dokt9583 |
| 005 |
20240327132029.0 |
| 008 |
240327s1949 hu om 0|| hun d |
| 040 |
|
|
|a SZTE Doktori Repozitórium
|b hun
|
| 041 |
|
|
|a hun
|
| 100 |
1 |
|
|a Szabó István
|
| 245 |
1 |
3 |
|a Az árufuvarozás néhány főbb kérdéséről
|h [elektronikus dokumentum] /
|c Szabó István
|
| 260 |
|
|
|c 1949
|
| 502 |
|
|
|a Disszertacio
|
| 650 |
|
4 |
|a állam- és jogtudományok
|
| 650 |
|
4 |
|a Jogtudomány
|
| 695 |
|
|
|a Jogtudomány
|
| 700 |
0 |
1 |
|a nincs megadva
|e ths
|
| 856 |
4 |
0 |
|u https://doktori.bibl.u-szeged.hu/id/eprint/9583/1/1949_szabo_istvan.pdf
|z Dokumentum-elérés
|